| 000 | 00482cam a2200169 4500 | ||
|---|---|---|---|
| 001 | D13523 | ||
| 008 | 090401t1905 xxu||||| |||| 00| 0 eng d | ||
| 035 | _a(Sirsi) u10140 | ||
| 041 | _aeng | ||
| 100 | _aNisbet, John | ||
| 245 | 4 | _aThe forester: a practical treatise on British forestry and arboriculture for landowners, land agents and foresters. Vol I | |
| 260 |
_aLondon _bWilliam Blackwood _c1905 |
||
| 350 | _a0 | ||
| 520 | _aShelf 107 | ||
| 942 | _n0 | ||
| 948 | _c04/03/1997 | ||
| 999 |
_c86706 _d86706 |
||